000 00431nab a2200145Ia 4500
003 ES-SlBCS
005 20210601123951.0
008 140529s1984 xxu||||| |||| 00| 0 eng d
041 _aeng
100 1 _aDavis, Wayne A.
_9132681
245 0 2 _aA Causal Theory of Intending
_c Wayne A. Davis
650 0 4 _aPropósito
_9132682
773 0 _tAmerican Philosophical Quarterly
_gvol. 21, nº. 1, 1984, págs. 43-54
_wRev1386
942 _cAR
999 _c507003
_d507003